The farmer's tour through the East of England (Record no. 113521)

MARC details
000 -LEADER
fixed length control field 01431cam a22001935a 4500
001 - CONTROL NUMBER
control field L155378
008 - FIXED-LENGTH DATA ELEMENTS--GENERAL INFORMATION
fixed length control field 120320s1771 xxk f 000 0 eng d
035 ## - SYSTEM CONTROL NUMBER
System control number (Sirsi) u155378
041 0# - LANGUAGE CODE
Language code of text/sound track or separate title eng
100 1# - MAIN ENTRY--PERSONAL NAME
Personal name Young, Arthur
Dates associated with a name 1741-1820
245 04 - TITLE STATEMENT
Title The farmer's tour through the East of England
Remainder of title Being the register of a journey through various counties of this Kingdom, to enquire into the state of agriculture, &c. Containing, I. The particular Methods of cultivating the Soil. II. The Conduct of live Stock, and the modern System of Breeding. III. The State of Population, the Poor, Labour, Provisions, &c. IV. The Rental and Value of the Soil, and its Division into Farms, with various Circumstances attending their Size and State. V. The Minutes of above five hundred original Experiments, communicated by several of the Nobility, Gentry, &c. With Other Subjects that tend to explain the present State of English Husbandry. By the author of the Farmer's letters, and the Tours through the North and South of England. In Four Volumes. ...
260 ## - PUBLICATION, DISTRIBUTION, ETC.
Place of publication, distribution, etc. London
Name of publisher, distributor, etc. printed for W. Strahan; W. Nicoll, No. 51. St, Paul's Church-Yard; B. Collins, at Salisbury; and J. Balfour, Edinburgh
Date of publication, distribution, etc. MDCCLXXI. [1771]
300 ## - PHYSICAL DESCRIPTION
Extent 4v., plates, table
Dimensions 8o
520 ## - SUMMARY, ETC.
Summary, etc. The dedication signed: Arthur Young
583 ## - ACTION NOTE
Action Condition reviewed
Time/date of action 20120620
Status condition level 1
651 #4 - SUBJECT ADDED ENTRY--GEOGRAPHIC NAME
Geographic name Great Britain
Chronological subdivision 1707-
690 ## - LOCAL SUBJECT ADDED ENTRY--TOPICAL TERM (OCLC, RLIN)
Topical term or geographic name as entry element Rural
9 (RLIN) 6268
942 ## - ADDED ENTRY ELEMENTS (KOHA)
Suppress in OPAC 0
Holdings
Withdrawn status Lost status Damaged status Not for loan Home library Current library Shelving location Date acquired Total Checkouts Full call number Barcode Date last seen Copy number Price effective from Koha item type
        Historic collection Historic collection Historic collection 20/03/2012   REGIONAL OCTAVO 1771 YOUNG VOL. 1 30075916 26/08/2025 1 06/08/2019 Book
        Historic collection Historic collection Historic collection 30/01/2013   REGIONAL OCTAVO 1771 YOUNG VOL. 2 30078081 26/08/2025 1 06/08/2019 Book
        Historic collection Historic collection Historic collection 30/01/2013   REGIONAL 1771 YOUNG VOL. 3 30078077 26/08/2025 1 06/08/2019 Book
        Historic collection Historic collection Historic collection 30/01/2013   REGIONAL OCTAVO 1771 YOUNG VOL. 4 30078073 26/08/2025 1 06/08/2019 Book